00618nam a22001097a 4500008004100000100003300041245012300074260001800197300003000215520024500245773001800490260424b ||||| |||| 00| 0 eng d aAbhilasha and Kumar, Ashwani aA narrative analysis of the folk ballad of Rani Rupi of the Lahaula tribe: A study based on the perspective of gander  aMan in India  a105(3&4), 2025: p.253-262 aThe folklore of Lahaula tribe is very vast especially it has a rich heritage of folk ballads of different genres like narrating stores of deities, embellishments, marriage rituals, historical incidents significant person etc. –Reproduced  aMan in India